Dans quel sons Maes a dit... ? - Statistiques

Statistiques générales
  • Ce quiz a été pris 727 fois
  • Le résultat moyen est 8 sur 20
Statistiques - réponses
Phrase Musique % Correct
Non, j'vais pas la fiancer, j'ai l'cœur piraté, j'ai vidé la 'teille, ma chérie, on vit la nuit. Street
69%
J'ai pas connu le quart d'la souffrance de ma mère, mais j'ai senti l'écart entre moi et mon père. T Max 530
65%
J'pourrais m'faire fumer le jour d'mon mariage, aujourd'hui, tu m'aimes, demain, tu m'haïras. Boston George
56%
Tu sais que les orages annoncent une grosse averse, tu sais que quand on crie, on laisse rarement pas d'hommes à terre. Mama
52%
Compte sur moi, personne nous f'ra du mal, j'ai mon fer sur moi. Prioritaire
50%
J'ai chargé le pe-pom, j'arrive dans ta tess, j'encaisse que des billets couleur OG Kush. Distant
47%
Douze coups, j'te parle pas de l'heure. Matin
47%
J'ai plus confiance en l'animal qu'en les Hommes, madame la juge, c'est pas moi, c'est d'la faute des autres. Coffre plein
46%
Fais un pas de travers, une bécane, tu t'en iras. Blanche
41%
J'ai plus l'temps des bagarres, j'te fume à pas d'heure, j'sors du mitard, j'peux t'crosser devant ta sœur. Switch Up
39%
Allô, comment va ? J'essaye d'prendre des nouvelles d'ceux qui étaient là et d'ma famille. Etoile
36%
J'ai des mmes-gra d'pure dans la poche, du liquide dans la sacoche, j'suis pisté par Aulnay, Boboch', ramène-moi tes légendes que j'les torche. Zemel
36%
J'ai changé tous mes euros en monnaie thaï. Euros
33%
J'fais 5 balles de bénéf', forcément c'est à mes frais, PGP, BBM, j'les écoule en BM, ça s'vend comme des BN, j'ai 2 mains, j'ai qu'un bras droit. Sale histoire
33%
Ils veulent me faire, j'récup' le fer, j'monte à l'adresse pour faire du sale, 10 000 eu' par jour au détail. 10k
27%
J'suis dans l'mal malgré qu'j'ai des biens, j'me perds dans les tes-comp, sses-lia, j'sais plus y a combien. L'odeur du charbon
24%
Ils ont volé nos terres, continué d'le faire, j'comprends mieux pourquoi l'fric, au féminin, devient l'Afrique. Andale
21%
On sait t'es qui, fais pas l'Jacques Mesrine. Dybala
20%
Ceux qui représentent une menace pour la société, nostra Cosa, qui va causer ? Qui peut tester ? Riina Toto
19%
J'suis pisté par les porcs, j'fais confiance qu'à ma famille. RS6
10%
Aucun quiz correspondant
Distribution des résultats
% des personnes avec chaque résultat
Percentile par nombre de réponses
Votre historique - résultats
Vous n’avez pas pris ce quiz